LIBRARY & INFORMATION CENTRE, KCAET, TAVANUR

ONLINE PUBLIC ACCESS CATALOGUE (OPAC)

Electrical wiring, estimating and costing, Vol 2 / (Record no. 10299)

MARC details
000 -LEADER
fixed length control field 00560cam a2200229ua 4500
041 ## - LANGUAGE CODE
Language code of text/sound track or separate title eng
082 ## - DEWEY DECIMAL CLASSIFICATION NUMBER
Classification number 621.319
Item number UPP/EL
100 ## - MAIN ENTRY--AUTHOR NAME
Personal name Uppal, S L .
245 ## - TITLE STATEMENT
Title Electrical wiring, estimating and costing, Vol 2 /
250 ## - EDITION STATEMENT
Edition statement 4 /
260 ## - PUBLICATION, DISTRIBUTION, ETC. (IMPRINT)
Place of publication Delhi :
Name of publisher Khanna publishers ,
Year of publication 1995.
300 ## - PHYSICAL DESCRIPTION
Number of Pages 732 ; .
500 ## - GENERAL NOTE
General note *CSS
700 1# - ADDED ENTRY--PERSONAL NAME
Personal name Laroia, J M .
942 ## - ADDED ENTRY ELEMENTS (KOHA)
Koha item type Books
Holdings
Withdrawn status Lost status Damaged status Home library Current library Shelving location Date acquired Full call number Accession Number Koha item type
      KAUAET KAUAET Scheme 03/09/2018 621.319 UPP/EL 18860 Books
Withdrawn     KAUAET KAUAET   16/11/2023 621.319 UPP/EL 12849 Books
free website counter